000 00445cam a22001337a 4500
008 180718b1933 xxu||||| |||| 00| 0 eng d
082 _aB1084 H117
100 _aHader, John
245 _aDynamic social research
_cby John Hader and Eduard C. Lindeman
260 _aLondon
_bKegan Paul
_c1933
300 _a231p
650 _aSocial sciences -Study and teaching.Management -Employee participation.Social psychology
700 _aLindeman, Eduard C.
999 _c417099
_d417099